Stínová ekonomika a národní účty ČR

Vymedzenie pojmu tieňová ekonomika. Vplyv tieňovej ekonomiky na nevybilancovanosť národných účtov. Rozsah tieňovej ekonomiky zahrnutý do Národných účtov 1993. Javy tieňovej ekonomiky a ich zachytenie v národných účtoch. Skrytá ekonomika formálnych a neformálnych sektorov. Skrytá ekonomika z ekonomic...

Descrizione completa

Salvato in:
Dettagli Bibliografici
Autore principale: Ondruš, Vitězslav
Natura: Capitolo di libro
Lingua:ceco
Soggetti:
Tags: Aggiungi Tag
Nessun Tag, puoi essere il primo ad aggiungerne!!

MARC

LEADER 00000naa a2200000 4500
001 r034490
005 20231002092715.1
041 0 |a cze 
044 |a CZ 
245 1 0 |a Stínová ekonomika a národní účty ČR  |c Vitězslav Ondruš 
520 |a Vymedzenie pojmu tieňová ekonomika. Vplyv tieňovej ekonomiky na nevybilancovanosť národných účtov. Rozsah tieňovej ekonomiky zahrnutý do Národných účtov 1993. Javy tieňovej ekonomiky a ich zachytenie v národných účtoch. Skrytá ekonomika formálnych a neformálnych sektorov. Skrytá ekonomika z ekonomických dôvodov. Sektorová a odvetvová skladba tieňovej ekonomiky. 
610 2 0 |a ekonomika tieňová 
610 2 0 |a štatistika ekonomická 
610 2 0 |a účty národné 
610 2 0 |a bilancia ekonomická 
610 2 0 |a podnikanie 
610 2 0 |a domácnosti 
610 2 0 |a príjmy 
610 2 0 |a obyvateľstvo 
610 2 0 |a produkt domáci hrubý 
610 2 0 |a výdavky obyvateľstva 
610 2 0 |a tvorba dôchodku národného 
610 2 0 |a Česko 
100 1 |a Ondruš, Vitězslav